| 000 | 00354nam a2200145Ia 4500 | ||
|---|---|---|---|
| 008 | 150201s1991 xx 000 0 und d | ||
| 082 |
_a611 _bG1991A |
||
| 100 | _aAYUR,ANNE M.R. | ||
| 245 | _aGRANT ATLAS OF ANATOMY | ||
| 250 | _a10TH | ||
| 260 |
_bLIPPINCOTT PUBLICATION _aPHILADELPHIA _c1991 |
||
| 300 | _a1-760 | ||
| 650 | _aANATOMY | ||
| 942 |
_2ddc _cBK |
||
| 999 |
_c3659 _d3659 |
||